| 000 | 00971 a2200253 4500 | ||
|---|---|---|---|
| 001 | 41397 | ||
| 005 | 20260407155708.0 | ||
| 008 | 260407a2016 arg spa d | ||
| 003 | AR-UNSa-BCEJYS | ||
| 040 |
_aAR-UNSa-BCEJYS _bspa _cAR-UNSa-BCEJYS |
||
| 080 |
_a331.2 _xSalarios. Sueldos. Remuneraciones |
||
| 245 | 1 | 0 |
_aRemuneraciones e indemnizaciones _pliquidaciones |
| 020 | _a978-987-01-1981-4 | ||
| 250 | _a12a. ed. | ||
| 264 | 1 |
_aBuenos Aires : _bErrepar _c2016 |
|
| 300 |
_axv, 218 p. _c27 cm. |
||
| 505 | _a1. Remuneraciones - 2. Indemnizaciones - 3. Liquidación de haberes e indemnizaciones - 4. Consultas frecuentes - 5. Preguntas y ejercicios de autoevaluación - 6. Datos e informaciones de utilidad | ||
| 041 | _aspa | ||
| 942 | _cBK | ||
| 590 | _aniveau_biblio:m niveau_hierar:0 | ||
| 100 | 1 | _aDe Luca, Lorena F. | |
| 700 | 1 | _aSirena, José Luis | |
| 856 | 4 | 1 |
_uhttps://biblioeco.unsa.edu.ar/pmb/images/libros/L126471.jpg _yImagen de portada _qimage/jpeg |
| 999 |
_c3495 _d3495 |
||